00346nam a2200121Ia 4500008004100000100003000041245010100071260001200172260001100184260000900195300000700204650001300211160123s9999 xx 000 0 und d10aAmarasiriwardane,O.P.L.A. aDevelopment of a Fluorescence Sensor Based on Benzohydroxamic Acid for the Analysis of Fluoride  aColombo bIchemc c2013 a52 aFluoride